000 00366nam a2200133Ia 4500
008 231129s2011||||xx |||||||||||||| ||spa||
040 _bspa
082 _a635.7 C346c
100 _aCastañeda Vélez Héctor IvánCastañeda Vélez Héctor Iván
245 0 _aEl cultivo de la estevia
260 _c2011
264 _aPereira Colombia: Papiro
942 _2ddc
_cBKS
999 _c10754
_d10754